Statistics for Defunct Car Brands Quiz

Click here to take the quiz!

General Stats

  • This quiz has been taken 71 times
  • The average score is 5 of 25

Answer Stats

Years of activeCar Brand% Correct
1897-2004Oldsmobile
78%
1926-2010Pontiac
69%
1934-2011Mercury
55%
1954-1988American Motors Corporation (AMC)
50%
1992-2010Hummer
41%
1928-2001Plymouth
40%
1899-1958Packard
36%
1989-1997Geo
21%
1988-1998Eagle
21%
1917-1954Nash Motors
17%
1967-1999Daewoo
14%
1948-1949Tucker
12%
1909-2013Maybach
10%
1913-1937Duesenberg Automobile & Motors Company, Inc.
9%
1934-1976Jensen Motors
9%
1953-1974Iso Rivolta
7%
2004-2013Gumpert Sportwagenmanufaktur GmbH
7%
2006-2012Artega
5%
1954-1964Facel SA
3%
1959-2007Marcos
2%
1967-1984Monteverdi
2%
1929-1961Borgward
2%
1905-1953Delage
2%
1964-1968Bizzarrini
2%
1945-1958Allard
0%

Score Distribution

Percentile by Number Answered

Percent of People with Each Score

Your Score History

You have not taken this quiz